|
|
|
|
| LEADER |
01510nam a22003257a 4500 |
| 001 |
33357 |
| 003 |
BD-DhAAL |
| 005 |
20250625105312.0 |
| 008 |
180712t2002 enkk|||| |||| 001 0 eng d |
| 020 |
|
|
|a 1557013926
|
| 020 |
|
|
|a 9781557013927
|
| 040 |
|
|
|a BD-DhAAL
|d BD-DhAAL
|
| 082 |
|
|
|a 343.7307869
|
| 100 |
|
|
|a Acret, James.
|9 27007
|
| 245 |
|
|
|a National construction law manual /
|c James Acret.
|
| 246 |
|
|
|a Construction law manual
|
| 250 |
|
|
|a Fourth edition
|
| 260 |
|
|
|a Los Angeles, Calif. :
|b BNi, Building News,
|c c2002.
|
| 300 |
|
|
|a xi, 404 pages :
|b illustration, forms ;
|c 28 cm.
|
| 490 |
|
|
|a Construction law series.
|
| 500 |
|
|
|a Includes table of cases.
"A Thelen, Ried & Priest Book."
|
| 505 |
|
|
|a Contracts --
Construction contracts --
Contractors license law and illegality --
Torts --
Claims --
Mechanics liens --
Arbitration and alternative dispute resolution --
Indemnity, insurance, and suretyship --
Affirmative action and prevailing wages.
|
| 526 |
|
|
|a ARC
|
| 541 |
|
|
|a Department of Architecture
|e 33357
|
| 650 |
|
|
|a Construction industry
|x Law and legislation
|z United States.
|9 27008
|
| 650 |
|
|
|a Construction contract
|z United States.
|9 27009
|
| 852 |
|
|
|a Department of Architecture
|c General Stacks
|
| 942 |
|
|
|2 ddc
|c BK
|
| 999 |
|
|
|c 39705
|d 39705
|
| 952 |
|
|
|0 0
|1 0
|2 ddc
|4 0
|6 343_730786900000000_ACR
|7 0
|9 63732
|a BRACUL
|b BRACUL
|c GEN
|d 2018-07-12
|e Department of Architecture
|l 0
|o 343.7307869 ACR
|p 3010033357
|r 2018-07-12
|t 1
|w 2018-07-12
|y BK
|x Transferred from ARC to BRACUL on 28/12/2023
|